• 首页
  • 本馆介绍
  • 公告通知
  • 最新文献
  • 馆藏检索
  • 电子资源
  • 读者导购
  • 参考咨询
  • 我的图书馆
  • 登录
  • 详细信息显示
  • 放入我的书架
  • 预约/预借图书
  • 作者相关作品
  • 分类相关作品
  • 丛书相关作品
  • 出版社相关作品

书目信息

  • 表格格式
  • 工作单格式
  • 卡片格式
题名:
体育与健康
    
 
作者: 曹桂华 , 黎伟 主编
分册:  
出版信息: 北京   中国农业出版社  2010
页数: 196页
开本: 26cm
丛书名:
单 册:
中图分类: G807.3 , G717.9
科图分类:
主题词: 体育--高等职业教育--教材 , 健康教育--高等职业教育--教材 , 体育 , 健康教育
电子资源:
ISBN: 978-7-109-14647-1
000 00990nam0 2200301 45
001 1130143734
005 20110309091854.01
010    @a978-7-109-14647-1@dCNY26.00
100    @a20110107d2010 ekmy0chiy0120 ea
101 0  @achi
102    @aCN@b110000
105    @aa z 000yy
106    @ar
200 1  @a体育与健康@ATi Yu Yu Jian Kang@f曹桂华,黎伟主编@FCao Gui Hua, Li Wei Zhu Bian
210    @a北京@c中国农业出版社@d2010
215    @a196页@c图@d26cm
300    @a全国高等职业教育“十二五”规划教材
330    @a本书共分16章,主要内容包括传统的田径、足球、篮球、排球、乒乓球、游泳等体育课程项目,大学生感兴趣的奥林匹克运动、休闲体育、体育锻炼等内容。
606 0  @a体育@x高等职业教育@j教材
606 0  @a健康教育@x高等职业教育@j教材
606 0  @a体育
606 0  @a健康教育
690    @aG807.3@v4
690    @aG717.9@v4
701  0 @a曹桂华@ACao Gui Hua@4主编
701  0 @a黎伟@ALi Wei@4主编
801  0 @aCN@bTANGWEI@c20110309
905    @b0529820-24@dG807.3@e399@f5
    
    体育与健康/曹桂华,黎伟主编.-北京:中国农业出版社,2010
    196页:图;26cm
    全国高等职业教育“十二五”规划教材
    
    ISBN 978-7-109-14647-1:CNY26.00
    本书共分16章,主要内容包括传统的田径、足球、篮球、排球、乒乓球、游泳等体育课程项目,大学生感兴趣的奥林匹克运动、休闲体育、体育锻炼等内容。
●
相关链接 在E读中查询图书 在五车中查询图书 在当当中查询图书 在豆瓣中查询图书


正题名:体育与健康     索取号:G807.3/399         预约/预借

序号 登录号 条形码 馆藏地/架位号 状态 备注
1 0529820   205298202   第一样本阅览室/ [索取号:G807.3/399] 在馆    
2 0529821   205298211   第四借阅区/ [索取号:G807.3/399] 在馆    
3 0529822   205298220   第四借阅区/ [索取号:G807.3/399] 在馆    
4 0529823   205298239   第四借阅区/ [索取号:G807.3/399] 在馆    
5 0529824   205298248   密集书库-体育系/ [索取号:G807.3/399] 在馆    
唐山师范学院图书馆 欢迎您!
大连网信软件有限公司© 版权所有